wiiw Statistical Reports (Record no. 8538)
[ view plain ]
| 000 -LEADER | |
|---|---|
| fixed length control field | 00530nas a2200169uu 4500 |
| 001 - CONTROL NUMBER | |
| control field | WIIW0000110 |
| 003 - CONTROL NUMBER IDENTIFIER | |
| control field | OSt |
| 005 - DATE AND TIME OF LATEST TRANSACTION | |
| control field | 20180831141145.0 |
| 008 - FIXED-LENGTH DATA ELEMENTS--GENERAL INFORMATION | |
| fixed length control field | 180829c20059999au z||m| |||| 00| |0eng d |
| 040 ## - CATALOGING SOURCE | |
| Transcribing agency | OSt |
| 041 ## - LANGUAGE CODE | |
| Language code of text/sound track or separate title | eng |
| 110 2# - MAIN ENTRY--CORPORATE NAME | |
| Corporate name or jurisdiction name as entry element | Wiener Institut für Internationale Wirtschaftsvergleiche (wiiw) |
| 9 (RLIN) | 3 |
| 245 1# - TITLE STATEMENT | |
| Title | wiiw Statistical Reports |
| 260 ## - PUBLICATION, DISTRIBUTION, ETC. | |
| Place of publication, distribution, etc. | Wien : |
| Name of publisher, distributor, etc. | Wiener Institut für Internationale Wirtschaftsvergleiche (wiiw), |
| Date of publication, distribution, etc. | 2005- |
| 856 40 - ELECTRONIC LOCATION AND ACCESS | |
| Uniform Resource Identifier | <a href="https://wiiw.ac.at/wiiw-statistical-reports-ps-16.html">https://wiiw.ac.at/wiiw-statistical-reports-ps-16.html</a> |
| 942 ## - ADDED ENTRY ELEMENTS (KOHA) | |
| Koha item type | Periodical |
| Source of classification or shelving scheme | Other/Generic Classification Scheme |
No items available.
